000 00307nam a2200133Ia 4500
008 151001s9999||||xx |||||||||||||| ||und||
100 _aग य चिटणीस
245 _aकुसुम
250 _a1
260 _bश ल चिटणीस
260 _c1947
300 _a158
365 _b7.5
999 _c949249
_d949246